| 000 | 01009nam0a22002411 4500 | ||
|---|---|---|---|
| 001 | rc\3534733 | ||
| 005 | 20260406181623.0 | ||
| 035 | _a(NLR Aleph) 007630459 | ||
| 090 |
_a6018016 _c6018016 |
||
| 100 | _a20130115d1973 |||y0rusy50 ca | ||
| 101 | 0 | _arus | |
| 102 | _aRU | ||
| 105 | _ay z ||||| | ||
| 200 | 1 |
_aМатериалы заседания Ученого совета ВНИМИ, посвященного 50-летию образования СССР и задачам ВНИМИ на 1973 год и последующие пятилетки _fМ-во мяс. и мол. пром-сти СССР... |
|
| 210 |
_aМосква _cБ. и. _d1973 |
||
| 215 |
_a74 с. _d20 |
||
| 333 | _aДля служебного пользования. Экз. № 000991 | ||
| 710 | 0 | 2 |
_aВНИИ молочной промышленности _bУченый совет _3RU\NLR\AUTH\889946460 _9388500 |
| 801 | 0 |
_aRU _bNLR _gpsbo |
|
| 801 | 1 |
_aRU _bELAR _2rusmarc |
|
| 852 |
_aNLR _j73-50к/5833 |
||
| 942 | _cBOOK | ||
| 980 | _aNB | ||